[Event "Svetla nad Sazavou Mares Memorial"]
[Site "Svetla nad Sazavou"]
[Date "2023.12.29"]
[Round "6"]
[White "Hampl, David"]
[Black "Pejrimovska, Viola Ruby"]
[Result "0-1"]
[WhiteElo "1880"]
[BlackElo "1657"]
[PlyCount "84"]
[EventDate "2023.12.29"]
[EventType "swiss"]
[EventRounds "9"]
[EventCountry "CZE"]
[SourceTitle "CBM 218 Extra"]
[Source "ChessBase"]
[SourceDate "2024.03.31"]
[SourceVersion "1"]
[SourceVersionDate "2024.03.31"]
[SourceQuality "1"]

1. d4 Nf6 2. Bg5 g6 3. Bxf6 exf6 4. e3 h5 5. c4 Bh6 6. Nf3 0-0 7. Nc3 d6 8. Bd3 f5 9. Qc2 Nd7 10. 0-0-0 Nf6 11. Kb1 c6 12. e4 d5 13. cxd5 fxe4 14. Nxe4 Nxe4 15. Bxe4 cxd5 16. Bd3 Bd7 17. Rhe1 Qb6 18. Re7 Rac8 19. Qe2 Rc7 20. Qe5 Rfc8 21. Ng5 Bg7 22. Qxd5 Be6 23. Rxe6 fxe6 24. Nxe6 Rf7 25. Bxg6 Rxf2 26. Ng5+ Kh8 27. Nf7+ Kg8 28. Nd6+ Kh8 29. b3 Rcf8 30. Bxh5 R2f6 31. Nf5 Rxf5 32. Qd7 Qh6 33. Bf3 R5f7 34. Qd5 Rf5 35. Qd7 R5f7 36. Qd5 Rc7 37. Qa5 Rfc8 38. Qa3 Bxd4 39. b4 Bg7 40. Bg4 Qh7+ 41. Rd3 Rc1+ 42. Qxc1 Rxc1+ 0-1

[Event "Mlada Boleslav Region-ch U14"]
[Site "Mlada Boleslav"]
[Date "2017.06.25"]
[Round "7"]
[White "Hampl, David"]
[Black "Nemecek, Lukas"]
[Result "1-0"]
[WhiteElo "1455"]
[BlackElo "1641"]
[PlyCount "23"]
[EventDate "2017.06.24"]
[EventType "swiss"]
[EventRounds "7"]
[EventCountry "CZE"]
[SourceTitle "CBM 179 Extra"]
[Source "ChessBase"]
[SourceDate "2017.08.23"]
[SourceVersion "1"]
[SourceVersionDate "2017.08.23"]
[SourceQuality "1"]

1. d4 d5 2. Bf4 Nf6 3. e3 e6 4. Nf3 Be7 5. Bd3 a6 6. Nbd2 0-0 7. a3 Nbd7 8. g4 Bd6 9. Ne5 Ne8 10. g5 f6 11. Bxh7+ Kxh7 12. Qh5+ 1-0

[Event "Mlada Boleslav Region-ch U14"]
[Site "Mlada Boleslav"]
[Date "2017.06.24"]
[Round "2"]
[White "Bartos, Vaclav2"]
[Black "Hampl, David"]
[Result "1-0"]
[WhiteElo "1371"]
[BlackElo "1455"]
[PlyCount "77"]
[EventDate "2017.06.24"]
[EventType "swiss"]
[EventRounds "7"]
[EventCountry "CZE"]
[SourceTitle "CBM 179 Extra"]
[Source "ChessBase"]
[SourceDate "2017.08.23"]
[SourceVersion "1"]
[SourceVersionDate "2017.08.23"]
[SourceQuality "1"]

1. d4 Nf6 2. c4 g6 3. Nc3 Bg7 4. e4 d6 5. Nf3 Nbd7 6. g3 0-0 7. Bg2 b6 8. 0-0 Bb7 9. Nd2 Rb8 10. Re1 c5 11. d5 Ne5 12. Qa4 a6 13. Nf3 Nd3 14. Rd1 Nxb2 15. Bxb2 Nxe4 16. Nxe4 Bxb2 17. Rab1 Bg7 18. Qc2 Qc7 19. Rb3 Ba8 20. a4 Rb7 21. Rdb1 Rfb8 22. Ned2 Qd8 23. Qe4 Bf6 24. Qf4 Ra7 25. Qh6 Bg7 26. Qh3 h6 27. g4 f6 28. Nh4 Kh7 29. Be4 Kg8 30. Bxg6 Qd7 31. Nf5 Kf8 32. Nxh6 e5 33. Bf5 Qxa4 34. Qh5 Bxd5 35. cxd5 Qf4 36. Rxb6 Rxb6 37. Rxb6 Qxh6 38. Rb8+ Ke7 39. Qe8# 1-0

[Event "Mlada Boleslav Region-ch U14"]
[Site "Mlada Boleslav"]
[Date "2017.06.24"]
[Round "4"]
[White "Hampl, David"]
[Black "Kralik, Kristian"]
[Result "1-0"]
[WhiteElo "1455"]
[BlackElo "1000"]
[PlyCount "49"]
[EventDate "2017.06.24"]
[EventType "swiss"]
[EventRounds "7"]
[EventCountry "CZE"]
[SourceTitle "CBM 179 Extra"]
[Source "ChessBase"]
[SourceDate "2017.08.23"]
[SourceVersion "1"]
[SourceVersionDate "2017.08.23"]
[SourceQuality "1"]

1. e4 e5 2. Nc3 Nf6 3. Bc4 Bb4 4. a3 Bc5 5. f4 exf4 6. d4 Bb6 7. Bxf4 d6 8. h3 0-0 9. Nf3 Qe8 10. Qd3 Ba5 11. b4 Bb6 12. 0-0 Nh5 13. Bh2 c5 14. Bxd6 cxd4 15. Kh2 dxc3 16. Bxf8 Qxf8 17. Ne5 Bc7 18. Bxf7+ Qxf7 19. Rxf7 Bxe5+ 20. Kg1 h6 21. Qd5 Bg3 22. Rf3+ Kh8 23. Qxh5 g6 24. Qxh6+ Kg8 25. Rf8# 1-0

[Event "Mlada Boleslav Region-ch U14"]
[Site "Mlada Boleslav"]
[Date "2017.06.24"]
[Round "3"]
[White "Hampl, David"]
[Black "Moulik, Jakub"]
[Result "0-1"]
[WhiteElo "1455"]
[BlackElo "1556"]
[PlyCount "68"]
[EventDate "2017.06.24"]
[EventType "swiss"]
[EventRounds "7"]
[EventCountry "CZE"]
[SourceTitle "CBM 179 Extra"]
[Source "ChessBase"]
[SourceDate "2017.08.23"]
[SourceVersion "1"]
[SourceVersionDate "2017.08.23"]
[SourceQuality "1"]

1. d4 d5 2. Bf4 Nc6 3. e3 Nf6 4. Nf3 a6 5. c4 dxc4 6. Bxc4 Bg4 7. Qb3 e6 8. Nbd2 Bxf3 9. Nxf3 Bb4+ 10. Ke2 0-0 11. a3 Bd6 12. Bg3 Na5 13. Qa4 Nxc4 14. Qxc4 Qd7 15. Qb3 Rab8 16. Rac1 Ne4 17. Qd3 Nxg3+ 18. hxg3 Qb5 19. Rc4 h6 20. Ng5 Qxg5 21. Kd2 e5 22. dxe5 Qxe5 23. Re4 Qxb2+ 24. Qc2 Qxc2+ 25. Kxc2 Bxa3 26. g4 Rfe8 27. Ra4 Be7 28. f4 Red8 29. Rc4 Rd7 30. Rh5 f6 31. e4 Rbd8 32. Rh3 c6 33. e5 Rd4 34. Rcc3 Rxf4 0-1

[Event "Mlada Boleslav Region-ch U14"]
[Site "Mlada Boleslav"]
[Date "2017.06.24"]
[Round "1"]
[White "Vodickova, Gabriela"]
[Black "Hampl, David"]
[Result "0-1"]
[WhiteElo "1000"]
[BlackElo "1455"]
[PlyCount "60"]
[EventDate "2017.06.24"]
[EventType "swiss"]
[EventRounds "7"]
[EventCountry "CZE"]
[SourceTitle "CBM 179 Extra"]
[Source "ChessBase"]
[SourceDate "2017.08.23"]
[SourceVersion "1"]
[SourceVersionDate "2017.08.23"]
[SourceQuality "1"]

1. e4 c5 2. Bc4 Nc6 3. Nc3 g6 4. Nf3 e6 5. d3 Bg7 6. Bg5 Nge7 7. 0-0 Qc7 8. Qd2 0-0 9. Na4 Re8 10. Bf4 e5 11. Nxe5 Bxe5 12. Bxe5 Nxe5 13. Qf4 d6 14. f3 Nxc4 15. dxc4 Qc6 16. Qf6 Qxa4 17. b3 Qc6 18. f4 Qxe4 19. f5 Bxf5 20. Rae1 Qd4+ 21. Qxd4 cxd4 22. b4 Bxc2 23. Re2 Bd3 24. c5 Bxe2 25. Re1 d3 26. cxd6 d2 27. Rxe2 d1Q+ 28. Kf2 Nf5 29. d7 Qxe2+ 30. Kg1 Qe1# 0-1